<?xml version="1.0" encoding="UTF-8"?><?xml-stylesheet type="text/xsl" href="static/style.xsl"?><OAI-PMH xmlns="http://www.openarchives.org/OAI/2.0/" xmlns:xsi="http://www.w3.org/2001/XMLSchema-instance" xsi:schemaLocation="http://www.openarchives.org/OAI/2.0/ http://www.openarchives.org/OAI/2.0/OAI-PMH.xsd"><responseDate>2026-04-17T20:13:16Z</responseDate><request verb="GetRecord" identifier="oai:www.recercat.cat:2445/116083" metadataPrefix="marc">https://recercat.cat/oai/request</request><GetRecord><record><header><identifier>oai:recercat.cat:2445/116083</identifier><datestamp>2025-11-20T10:15:08Z</datestamp><setSpec>com_2072_1057</setSpec><setSpec>col_2072_478809</setSpec><setSpec>col_2072_478917</setSpec></header><metadata><record xmlns="http://www.loc.gov/MARC21/slim" xmlns:dcterms="http://purl.org/dc/terms/" xmlns:xsi="http://www.w3.org/2001/XMLSchema-instance" xmlns:doc="http://www.lyncode.com/xoai" xsi:schemaLocation="http://www.loc.gov/MARC21/slim http://www.loc.gov/standards/marcxml/schema/MARC21slim.xsd">
   <leader>00925njm 22002777a 4500</leader>
   <datafield ind2=" " ind1=" " tag="042">
      <subfield code="a">dc</subfield>
   </datafield>
   <datafield ind2=" " ind1=" " tag="720">
      <subfield code="a">Gómez-Puig, Marta</subfield>
      <subfield code="e">author</subfield>
   </datafield>
   <datafield ind2=" " ind1=" " tag="720">
      <subfield code="a">Sosvilla Rivero, Simón</subfield>
      <subfield code="e">author</subfield>
   </datafield>
   <datafield ind2=" " ind1=" " tag="260">
      <subfield code="c">2017-10-02T07:21:42Z</subfield>
   </datafield>
   <datafield ind2=" " ind1=" " tag="260">
      <subfield code="c">2020-09-30T05:10:18Z</subfield>
   </datafield>
   <datafield ind2=" " ind1=" " tag="260">
      <subfield code="c">2017-09</subfield>
   </datafield>
   <datafield ind2=" " ind1=" " tag="260">
      <subfield code="c">2017-10-02T07:21:42Z</subfield>
   </datafield>
   <datafield ind2=" " ind1=" " tag="520">
      <subfield code="a">The objective of this paper is to examine whether the threshold beyond which a public debt change may have a detrimental effect on economic growth changes across euro area countries during the 1961-2015 period. In contrast with previous studies, we do not use panel estimation techniques, but implement a time-series analysis for each country based on the growth literature. The results suggest that in all the countries but Belgium a debt increase begins to have detrimental effects on growth well before the SGP debt ceiling (a debt ratio of around 40% and 50% in central and peripheral countries, respectively) is reached. So, although austerity policies should be applied in EMU countries - since according to our results debt reduction barely exerts any significant beneficial impact on EMU countries' growth - they should be accompanied by structural reforms that can increase their potential GDP. Moreover, as our results suggest that the harmful impact of a debt change on growth does not occur beyond the same threshold and with the same intensity in all EMU countries, a focus on average ratios and impacts may be unsuitable for defining policies. Specifically, our findings suggest that the pace of fiscal adjustment should be lower in Greece and Spain than in the other countries.</subfield>
   </datafield>
   <datafield tag="653" ind2=" " ind1=" ">
      <subfield code="a">Deute públic</subfield>
   </datafield>
   <datafield tag="653" ind2=" " ind1=" ">
      <subfield code="a">Creixement econòmic</subfield>
   </datafield>
   <datafield tag="653" ind2=" " ind1=" ">
      <subfield code="a">Zona euro</subfield>
   </datafield>
   <datafield tag="653" ind2=" " ind1=" ">
      <subfield code="a">Public debt</subfield>
   </datafield>
   <datafield tag="653" ind2=" " ind1=" ">
      <subfield code="a">Economic growth</subfield>
   </datafield>
   <datafield tag="653" ind2=" " ind1=" ">
      <subfield code="a">Eurozone</subfield>
   </datafield>
   <datafield ind2="0" ind1="0" tag="245">
      <subfield code="a">Heterogeneity in the debt-growth nexus: Evidence from EMU countries</subfield>
   </datafield>
</record></metadata></record></GetRecord></OAI-PMH>